Futuros aspectos de los medios de masas /

Збережено в:
Бібліографічні деталі
Автор: Keune, Reinhard (ed.)
Формат: Книга
Мова:Іспанська
Опубліковано: Berlín, Alemania : Friendrich Ebert Stiftung, 1973, c1973
Предмети:
Теги: Додати тег
Немає тегів, Будьте першим, хто поставить тег для цього запису!

MARC

LEADER 00000nam^a2200000^a^4500
001 000270354
005 20250521000000.0
009 20260310110954.637
037 |a Acervo Xavier Clavigero 
041 |a ESP 
082 |a 302. 2301  |b KEU 
100 |a Keune, Reinhard  |e (ed.) 
245 1 0 |a Futuros aspectos de los medios de masas /  |c Ed. de R. Keune. 
264 4 |a Berlín, Alemania :  |b Friendrich Ebert Stiftung,  |c 1973, c1973 
300 |a 121 p. 
336 |a texto  |b txt  |2 rdacontenido 
337 |a sin mediación  |b n  |2 rdamedio 
338 |a volumen  |b nc  |2 rdasoporte 
649 |a XX 
650 |a Radio -  |x Aspectos Sociales y Culturales 
650 |a Televisión -  |x Aspectos Sociales y Culturales 
650 |a Periodismo 
650 |a Medios Audiovisuales 
650 |a Medios de Comunicación -  |x Tema Principal 
650 |a Comunicación Visual 
650 |a Comunicación Masiva 
650 |a Educación 
650 |a Comunicación 
910 |a Fondo General 
920 |a Impresos - Libros 
930 |a Colección General 
905 |a 101 
901 |a 0500155436  |b IT1  |c ACC  |u 20250521 
902 |a https://opac.biblio.iteso.mx/vufind/Record/000270354